Construcción de saberes pedagógicos desde la implementación de la reforma de Educación Parvularia 2005
Salvato in:
| Autore principale: | |
|---|---|
| Natura: | Libro |
| Lingua: | spagnolo |
| Pubblicazione: |
Santiago
Ministerio de Educación
2006
Santiago CPEIP 2006 |
| Soggetti: | |
| Tags: |
Aggiungi Tag
Nessun Tag, puoi essere il primo ad aggiungerne!!
|
MARC
| LEADER | 00000nam a2200000 a 4500 | ||
|---|---|---|---|
| 001 | UCJ1225 | ||
| 003 | CL-VaPUC | ||
| 008 | 061006e20060000cl |||||||||||||||||spa|d | ||
| 082 | 0 | 4 | |a 372.21 |b MAY |2 21 |
| 100 | |a Mayorga S., Liliana |e autora |9 620592 | ||
| 245 | 1 | 0 | |a Construcción de saberes pedagógicos desde la implementación de la reforma de Educación Parvularia 2005 |
| 300 | |a 219 p | ||
| 942 | |c BK | ||
| 945 | |d 20061006 00:00:00 |a cmena | ||
| 260 | |a Santiago |b Ministerio de Educación |c 2006 | ||
| 260 | |a Santiago |b CPEIP |c 2006 | ||
| 650 | 0 | |a Educación preescolar |9 260381 | |
| 650 | 0 | |a Planificación del currículo |9 269599 | |
| 650 | 0 | |a Reforma educacional |9 256319 | |
| 583 | |a last modification |c 20171123 01:30:55 |k Rodrigo Vera | ||
| 999 | |c 317884 |d 317882 | ||
| 952 | |0 0 |1 0 |4 0 |6 372_210000000000000_MAY_2006_2006 |7 0 |8 A |9 394914 |a BIBEDU |b BIBEDU |c ES_NOD |d 2019-11-22 |i 4230930 |o 372.21 MAY 2006 2006 |p 4230930 |r 2023-08-09 |w 2019-11-22 |y BK |k PAR | ||
| 952 | |0 0 |1 0 |4 0 |6 372_210000000000000_MAY_2006_2006 |7 0 |8 A |9 394915 |a BIBEDU |b BIBEDU |c ES_NOD |d 2019-11-22 |i 4230949 |o 372.21 MAY 2006 2006 |p 4230949 |r 2023-08-09 |w 2019-11-22 |y BK |k PAR | ||
| 952 | |0 0 |1 0 |4 0 |6 372_210000000000000_MAY_2006_2006 |7 0 |8 A |9 394916 |a BIBEDU |b BIBEDU |c ES_NOD |d 2019-11-22 |i 4230957 |o 372.21 MAY 2006 2006 |p 4230957 |r 2023-08-09 |w 2019-11-22 |y BK |k PAR | ||